| 000 | 00932nam a2200205Ia 4500 | ||
|---|---|---|---|
| 003 | GCL | ||
| 005 | 20240530103553.0 | ||
| 008 | 140319s9999 xx 000 0 ara d | ||
| 040 |
_aGCL / _cGCL |
||
| 082 | 0 | 4 |
_a210.92 _bأ ك |
| 100 | 1 | _aالحسينى , ابوالمحاسن محمد الدمشقى | |
| 245 | 1 | 0 |
_aذيل تذكرة الحفاظ للذهبى ويليه لحظ الالحاظ بذيل طبقات الحفاظ ويليه ذيل طبقات الحفاظ للذهبى / _cالحسينى , ابوالمحاسن محمد الدمشقى |
| 260 |
_a[S.N] : _bدار الكتب |
||
| 300 |
_aمتعدد ؛ _c24سم |
||
| 650 | 0 | 4 | _aالرواه - تراجم |
| 650 | 0 | 4 | _aالحفاظ - تراجم |
| 700 | 1 | _aالمكى , تقى الدين محمد بن فهد | |
| 700 | 1 | _aالسيوطى : جلال الدين ابوالفضل عبدالرحمن بن ابى بكر بن محمد الخضيرى | |
| 942 |
_2ddc _cBK |
||
| 999 |
_c40762 _d40762 |
||